000 00754nam a2200241Ia 4500
005 20260430150545.0
008 008 250103s9999 xx 000 0 eng d
037 _aTheses
040 _aCRL
040 _beng
040 _ceng
041 _2eng
041 _aeng
084 _qCRL
100 _aSinghal Shelly Nee Shelly Aggarwal Au.; Saluja Daman Gu.; Srivastava Kamna Gu.
_91237844
245 0 _aDiagnostic Potential of Sort1 Gene and Designing Pcsk9 Inhibitors as Therapeutic Strategy for Coronary Artery Disease
260 _c2024
300 _a126p.
650 _aMedicine
700 _aUniversity of Delhi. Faculty of Medical Sciences. Deptt.of Medical Bio-Medical Research
_91237845
942 _cTH
999 _c1850070
_d1850070